<?xml version="1.0" encoding="UTF-8"?>
<record
    xmlns:xsi="http://www.w3.org/2001/XMLSchema-instance"
    xsi:schemaLocation="http://www.loc.gov/MARC21/slim http://www.loc.gov/standards/marcxml/schema/MARC21slim.xsd"
    xmlns="http://www.loc.gov/MARC21/slim">

  <leader>00372nam a22001337a 4500</leader>
  <datafield tag="082" ind1=" " ind2=" ">
    <subfield code="a">621.56</subfield>
    <subfield code="b">INS</subfield>
    <subfield code="c">L-8, P-5</subfield>
  </datafield>
  <datafield tag="100" ind1=" " ind2=" ">
    <subfield code="a">Hall, J &amp; E</subfield>
    <subfield code="9">42147</subfield>
  </datafield>
  <datafield tag="245" ind1=" " ind2=" ">
    <subfield code="a">Instruction book for mobile refrigerating plant</subfield>
    <subfield code="c">J &amp; E Hall</subfield>
  </datafield>
  <datafield tag="260" ind1=" " ind2=" ">
    <subfield code="a">England</subfield>
    <subfield code="b">J &amp; E Hall Ltd</subfield>
    <subfield code="c">1785</subfield>
  </datafield>
  <datafield tag="300" ind1=" " ind2=" ">
    <subfield code="a">21.p:</subfield>
  </datafield>
  <datafield tag="526" ind1=" " ind2=" ">
    <subfield code="a">0</subfield>
    <subfield code="b">0</subfield>
    <subfield code="c">0</subfield>
    <subfield code="d">621_560000000000000_INS</subfield>
  </datafield>
  <datafield tag="650" ind1=" " ind2=" ">
    <subfield code="a">MCE</subfield>
    <subfield code="9">379</subfield>
  </datafield>
  <datafield tag="942" ind1=" " ind2=" ">
    <subfield code="2">ddc</subfield>
    <subfield code="c">BK</subfield>
  </datafield>
  <datafield tag="999" ind1=" " ind2=" ">
    <subfield code="c">546088</subfield>
    <subfield code="d">546088</subfield>
  </datafield>
  <datafield tag="952" ind1=" " ind2=" ">
    <subfield code="0">0</subfield>
    <subfield code="1">0</subfield>
    <subfield code="2">ddc</subfield>
    <subfield code="4">0</subfield>
    <subfield code="7">0</subfield>
    <subfield code="a">MCE</subfield>
    <subfield code="b">MCE</subfield>
    <subfield code="d">2014-06-02</subfield>
    <subfield code="l">0</subfield>
    <subfield code="o">621.56 INS</subfield>
    <subfield code="p">MCE-40997</subfield>
    <subfield code="r">2014-06-02</subfield>
    <subfield code="w">2014-06-02</subfield>
    <subfield code="y">BK</subfield>
  </datafield>
</record>
